000 00691nam a2200253Ia 4500
005 20260121154853.0
008 008 260114s9999 xx 000 0 eng d
020 _a9781003137580
037 _aEBOOK
040 _aCRL
040 _beng
040 _cCRL
041 _2eng
041 _aeng
084 _qCRL
100 _a Alison Clark-Wilson; Ana Donevska-Todorova; Eleonora Faggiano; Jana TrgalovĀ ; Hans-Georg Weigand
_91012526
245 0 _aMathematics Education in the Digital Age
260 _bTaylor and Francis
260 _c2021
856 _uhttp://www.taylorfrancis.com/books/9781003137580
942 _cEBOOK
999 _c1579345
_d1579345